Spievankovo spevníček plný pesničiek a kresbičiek : texty, akordy a noty obľúbených piesní zo Spievankova

Bibliographic Details
Main Authors: Podhradská, Mária, 1975- (Author, Compiler), Čanaky, Richard, 1973- (Author), Čobej, Alojz, 1935-2020 (Author), Zubák, Tomáš (Author), Kachút, Marián, 1974- (Author), Bendová, Krista, 1923-1988 (Author), Krčméry-Vrteľová, Jela, 1924-2021 (Author), Tomešová, Lenka (Author), Walnerová, Bibiana, 1932- (Author), Pavlovič, Jozef, 1934-2020 (Author)
Other Authors: Hroznová, Kristína, 1981- (Illustrator), Brunová, Ivana (Photographer), Čačík, Miroslav, 1978- (Photographer)
Format: Musical Score Book
Language:Slovak
PhysicalDescription:1 spevník (136 s.) fotogr., ilustr. 24 cm
Published: Bratislava Fortuna Libri 2019
ISBN:9788081428555 (hrebeňová väzba)
Series:Fortuna Junior
Subjects:

MARC

LEADER 00000ccm a2200000 4500
001 vtls011907165
003 SK-MaSNL
005 20260331211125.0
007 qu
008 191213s2019 xo sgg b b slo
015 |a SNBH2020 
020 |a 9788081428555 (hrebeňová väzba) 
040 |a SNK  |b slo  |c SNK  |e AACR2 
041 0 |a slo 
044 |a xo  |c SK 
048 |a vn  |a ka01  |a tb01 
072 7 |a 784  |x Vokálna hudba  |2 konspekt 
072 7 |a 0/9-053.2  |x Literatúra pre deti a mládež (náučná)  |2 konspekt 
080 |a 784.67  |2 2011 
080 |a (0:82-192)  |2 2011 
080 |a (0.053.2)  |2 2011 
080 |a 784.67:784.9  |2 2011 
084 |a 2.1.2  |2 snlmc 
100 1 |a Hroznová, Kristína,  |d 1981-  |4 ill  |9 355368 
245 1 0 |a Spievankovo  |h hudobnina  |b spevníček plný pesničiek a kresbičiek : texty, akordy a noty obľúbených piesní zo Spievankova  |c ilustrácie Kristína Hroznová ; zostavila Mária Podhradská ; texty Mária Podhradská, Richard Čanaky, Alojz Čobej, Tomáš Zubák, Marián Kachút, Krista Bendová (dedičia), Jela Krčméry-Vrteľová, Jozef Pavlovič, Lenka Tomešová, Bibiana Walnerová (dedičia) ; fotografie Ivana Brunová, Miroslav Čačík 
254 |a Spevník 
260 |a Bratislava  |b Fortuna Libri  |c 2019 
300 |a 1 spevník (136 s.)  |b fotogr., ilustr.  |c 24 cm 
382 |a spev, gitara, klavír 
490 1 |a Fortuna Junior 
650 0 7 |a slovenské piesne  |2 SNKPH  |9 3453 
650 0 7 |a Slovak songs  |2 SNKPHeng  |9 286204 
650 0 7 |a detské piesne  |2 SNKPH  |9 3415 
650 0 7 |a Children's songs  |2 SNKPHeng  |9 125776 
650 0 7 |a detské piesne  |2 SNKPHeng  |9 3415 
655 7 |a publikácie pre deti  |2 SNKPH  |9 70148 
655 7 |a Publications for children  |2 SNKPHeng  |9 276792 
655 7 |a spevníky  |2 SNKPH  |9 70506 
655 7 |a Songbooks  |2 SNKPHeng  |9 288744 
700 1 |a Podhradská, Mária,  |d 1975-  |4 aut  |4 com  |9 237916 
700 1 |a Čanaky, Richard,  |d 1973-  |4 aut  |9 237917 
700 1 |a Čobej, Alojz,  |d 1935-2020  |4 aut  |9 205070 
700 1 |a Zubák, Tomáš  |4 aut  |9 518380 
700 1 |a Kachút, Marián,  |d 1974-  |4 aut  |9 68642 
700 1 |a Bendová, Krista,  |d 1923-1988  |4 aut  |9 101774 
700 1 |a Krčméry-Vrteľová, Jela,  |d 1924-2021  |4 aut  |9 107910 
700 1 |a Tomešová, Lenka  |4 aut  |9 474608 
700 1 |a Walnerová, Bibiana,  |d 1932-  |4 aut 
700 1 |a Brunová, Ivana  |4 pht  |9 618753 
700 1 |a Čačík, Miroslav,  |d 1978-  |4 pht  |9 67778 
700 1 |a Pavlovič, Jozef,  |d 1934-2020  |4 aut  |9 200363 
830 0 |a Fortuna Junior  |9 329576 
852 |a Štátna vedecká knižnica v Banskej Bystrici 
919 |a 978-80-8142-855-5 
999 |c 950484  |d 952414 
952 |a SNK  |b SNK  |y PREZ  |7 0  |p 17A1414050  |o snkHSC 658  |i snk2020/1022  |8 0  |0 0  |1 0  |4 0  |d 2020-01-17  |l 0  |r 2026-02-24 09:46:47  |w 2026-02-24 
952 |a SNK  |b SNK  |y PREZ  |7 0  |p 17A1414051  |o snkHSC 658 D1  |i snk2020/1023  |8 0  |0 0  |1 0  |4 0  |d 2020-01-17  |l 0  |r 2026-02-24 09:46:48  |w 2026-02-24